| 000 | 00982cam a2200301 i 4500 | ||
|---|---|---|---|
| 999 |
_c2371 _d2371 |
||
| 001 | 3161250 | ||
| 003 | GZU | ||
| 005 | 20201029095833.0 | ||
| 008 | 750722s1975 mdua b 001 0 eng | ||
| 010 | _a 75010896 | ||
| 020 | _a0801817692 | ||
| 040 |
_aDLC _cDLC _dDLC |
||
| 043 |
_af------ _ad------ |
||
| 050 | 0 | 0 |
_aHN773.3 _bLEL 1975 |
| 082 | 0 | 0 | _a309.2/63/096 |
| 100 | 1 | _aLele, Uma J. | |
| 245 | 1 | 4 |
_aThe design of rural development : _blessons from Africa / _cUma Lele. |
| 260 |
_aBaltimore : _bPublished for the World Bank by Johns Hopkins University Press, _c[1975] |
||
| 300 |
_axii, 276 p. : _bill. ; _c23 cm. |
||
| 500 | _aIncludes index. | ||
| 504 | _aBibliography: p. [227]-238. | ||
| 651 | 0 |
_aAfrica _xRural conditions _xCase studies. |
|
| 651 | 0 |
_aDeveloping countries _xEconomic policy. |
|
| 651 | 0 |
_aDeveloping countries _xSocial conditions. |
|
| 710 | 2 | _aWorld Bank. | |
| 906 |
_a7 _bcbc _corignew _d1 _eocip _f19 _gy-gencatlg |
||
| 942 |
_2lcc _cBK _h773.3 _iLEL _kHN |
||